00592nam a2200169Ia 4500008004100000020001800041041000800059082001800067100005700085245004400142250000600186260002700192300001300219650003900232999001900271952013200290210716s2014 xx 000 0 und d a9788126545605 aeng a621.3916 JOSA aJoshi, Atul K; Joshi, Swati Atul; Jadhav, Hemlata M. aProcessor architecture and interfacing. a1 aNew DelhibWILEYc2014 axxii,342 aMicrocontrollers & Microprocessors c197169d197169 001040708MCAaAIMITbAIMITeKnowledge Worldg599.00l0o621.3916 JOSApMCA16684r2025-07-21 00:00:00v449.25w2021-07-16yBK